[Event "Open"]
[Site "Banja Luka BIH"]
[Date "2004.12.08"]
[Round "5"]
[White "Runic,Z"]
[Black "Milanovic,Da"]
[Result "1/2-1/2"]
[WhiteElo "2409"]
[BlackElo "2434"]

1.e4 c5 2.Nc3 Nc6 3.Bb5 Nd4 4.Bc4 e6 5.Nf3 Nf6 6.O-O d5 7.exd5 exd5 8.Nxd5 Nxd5
9.Nxd4 cxd4 10.Qh5 g5 11.Re1+ Be7 12.Re5 Nc7 13.Qxf7+ Kd7 14.Qf5+ Kd6 15.Qe4 Kd7
16.d3 h6 17.Bd2 Bd6 18.Qxd4 Qf6 19.Rae1 Rf8 20.Bb4 Kc6 21.Rc5+ Kd7 22.Rce5 Kc6
23.Bxd6 Qxd6 24.Qc3 a6 25.Bxa6+ Kb6 26.Bc4 Bd7 27.Qd2 Ka7 28.Qe3+ Kb8 29.d4 Ra4
30.Qd3 Qf6 31.R1e2 Qf4 32.R5e4 Qc1+ 33.Re1 Qxb2 34.Bb3 Ra6 35.Re7 Rd6 36.d5 Qf6
37.Qg3 Qf4 38.c4 Qxg3 39.hxg3 Na6 40.f3 Ka7 41.g4 Kb6 42.Kf2 Kc5 43.R1e4 Kb4
44.Ke3 Nc5 45.Kd4 b6 46.Re3 Rf4+ 47.Ke5 Rdf6 48.Bd1 Rf8 49.a3+ Ka5 50.Be2 Ka6
51.g3 R4f6 52.Kd4 Kb7 53.Rh7 Kc7 54.Kc3 Kd6 55.Bd1 Ra8 56.Kb2 Ba4 57.Be2 Raf8
58.Kc3 Bd7 59.Kd2 R8f7 60.Rh8 Rf8 61.Rh7 Ra8 62.f4 gxf4 63.gxf4 Rxf4 64.Rxh6+ Kc7
65.d6+ Kb7 66.Bf3+ Rxf3 67.Rxf3 Bxg4 68.Re3 Bd7 69.Ke2 Kc6 70.Rg3 Re8+ 71.Re3 Rf8
72.Re7 Bg4+ 73.Kd2 Bd7 74.Re3 Rf4 75.Kc3 Rf1 76.Kc2 Rf2+ 77.Kc3 Ra2 78.Kd4 Rd2+
79.Kc3 Rg2 80.Rf6 Rg4 81.Rh6 Nb7 82.Kb4 Na5 83.Rc3 Rd4 84.a4 Nb7 85.Rc2 Rd3
86.Rc3 Rd4 87.Rc1 Rd3 88.Rc3 Rd4 89.Ka3 Kc5 90.Rh7 Kc6 91.Rh6 Kc5 92.Rh5+ Kc6
93.Rb5 Nxd6 94.Re5 Nxc4+ 95.Kb3 Kd6 96.Rh5 Na5+ 97.Kb2 Rb4+ 98.Kc1 Nb3+ 99.Kc2 Nd4+
100.Kd3 Rxa4 101.Rh6+ Ne6 102.Ke3 Ra5 103.Rd3+ Rd5 104.Rb3 b5 105.Rh4 Kc5
106.Rc3+ Kb6 107.Rd3 Rxd3+ 108.Kxd3 Nc5+ 109.Kc3  1/2-1/2

[Event "ch-IND"]
[Site "Visakhapatnam IND"]
[Date "2004.12.09"]
[Round "8"]
[White "Prathamesh,S"]
[Black "Harika,D"]
[Result "1/2-1/2"]
[WhiteElo "2390"]
[BlackElo "2391"]

1.e4 c5 2.Nf3 Nc6 3.Nc3 e5 4.Bc4 Be7 5.d3 d6 6.O-O Nf6 7.Ng5 O-O 8.f4 h6
9.Nf3 exf4 10.Bxf4 Be6 11.Nd5 Bxd5 12.exd5 Na5 13.Nh4 Nxc4 14.dxc4 Nxd5 15.Qxd5 Bxh4
16.Bxd6 Be7 17.Be5 b6 18.Rae1 Qxd5 19.cxd5 Rfe8 20.c4 Kf8 21.d6 Bg5 22.g3 Kg8
23.h4 Bd2 24.Re2 Rad8 25.Kf2 f6 26.Rxd2 Rxe5 27.Rfd1 Rd7 28.Kf3 Kf7 29.b3 Ke8
30.Kf4 g6 31.Rd5 Re6 32.h5 g5+  1/2-1/2

[Event "Open"]
[Site "Banja Luka BIH"]
[Date "2004.12.11"]
[Round "8"]
[White "Kovacevic,A"]
[Black "Milanovic,Da"]
[Result "1/2-1/2"]
[WhiteElo "2556"]
[BlackElo "2434"]

1.e4 c5 2.Nf3 Nc6 3.Nc3 e5 4.Bc4 d6 5.d3 Be7 6.Nd2 Nf6 7.Nf1 Bg4 8.f3 Be6
9.Ne3 O-O 10.O-O Nd7 11.Ncd5 Bg5 12.c3 Nb6 13.Nxb6 axb6 14.Nd5 Bxc1 15.Rxc1 Ne7
16.Nxe7+ Qxe7 17.Qb3 Bxc4 18.dxc4 Qc7 19.Rcd1 f5 20.exf5 Rxf5 21.Rd5 Re8
22.Rfd1 Re6 23.Qc2 Rff6 24.Re1 Rf4 25.Qd3 Qe7 26.g3 Rff6 27.Qe4 Qe8 28.b3 Qg6
29.Qxg6 Rxg6 30.Kf2 Rh6 31.Kg2 Kf8 32.Re2 Ke8 33.h4 Kd7 34.Rd1 Rhf6 35.Re4 Kc7
36.Rde1 Kd7 37.Rd1 Kc7 38.Kf2 Kd7 39.Rd3 Kc7 40.Rde3 Kd7 41.Rg4 Rg6 42.Ree4 Rxg4
43.Rxg4 Re7 44.h5 Ke6 45.Ke3 Kf5 46.Rh4 Re8 47.Rh1 Ra8 48.Rd1 Ke6 49.a4 Rf8
50.Ke4 Re8 51.Rh1 Rf8 52.Rh4 Rf7 53.Rg4 Re7 54.Rh4 Re8 55.Rh2 Rf8 56.Rd2 Re8
57.Rb2 Ra8 58.Rb1 Rc8 59.Ra1 Ra8 60.Re1 Rf8 61.Re2 Rf5 62.Rh2 Rf8 63.Rh3 Re8
64.Rh4 Rf8 65.Rg4 Rf7 66.Rg5 Re7 67.Rf5 Re8 68.Rg5 Re7 69.Rf5 Re8  1/2-1/2

[Event "Open"]
[Site "Banja Luka BIH"]
[Date "2004.12.11"]
[Round "8"]
[White "Kontic,D"]
[Black "Rmus,A"]
[Result "0-1"]
[WhiteElo "2326"]
[BlackElo "2359"]

1.e4 c5 2.Ne2 Nc6 3.Nbc3 d6 4.g3 g6 5.d4 cxd4 6.Nxd4 Bg7 7.Nde2 Bg4 8.Bg2 Nf6
9.h3 Be6 10.O-O O-O 11.Nd5 Rb8 12.Nef4 b5 13.Nxe6 fxe6 14.Nf4 Qd7 15.h4 Ne8
16.Bh3 Nc7 17.h5 Rxf4 18.Bxf4 Bxb2 19.hxg6 hxg6 20.Rb1 Bf6 21.Qg4 Kg7 22.Rfd1 Rh8
23.Rd5 Qe8 24.Rdxb5 Nxb5 25.Rxb5 Ne5 26.Bxe5 Qxb5 27.Bxf6+ exf6 28.Qxe6 Qe8
29.Qg4 Rh5 30.Bf1 Re5 31.Bd3 Qe6 32.Qh4 Qxa2 33.f4 Qa1+ 34.Kf2 Rh5  0-1

[Event "IX It"]
[Site "Elgoibar ESP"]
[Date "2004.12.11"]
[Round "1"]
[White "Gonzalez de la Torre,S"]
[Black "Felgaer,R"]
[Result "0-1"]
[WhiteElo "2384"]
[BlackElo "2569"]

1.e4 c5 2.Nf3 Nc6 3.Nc3 g6 4.d4 cxd4 5.Nxd4 Bg7 6.Be3 Nf6 7.Bc4 d6 8.f3 O-O
9.Bb3 Bd7 10.Qd2 Rc8 11.O-O-O Ne5 12.Kb1 Nc4 13.Bxc4 Rxc4 14.g4 Qc7 15.g5 Nh5
16.Nd5 Qd8 17.Ne2 e6 18.Ndc3 Rc6 19.Nb5 Ra6 20.Nxd6 Qc7 21.f4 Bc6 22.Rhf1 Bd5
23.exd5 Rxd6 24.Qb4 Rc8 25.c3 exd5 26.Bd4 Re6 27.Bxg7 Nxg7 28.Ng3 Rb6 29.Qd4 Ne6
30.Qxd5 Qxc3 31.Qd2 Qxd2 32.Rxd2 Rc4 33.Rdf2 Rbb4 34.Ne2 Re4 35.h4 Re3 36.f5 gxf5
37.Nf4 Nxf4 38.Rxf4 Rxf4 39.Rxf4 Re5 40.Kc2 Kg7 41.Rd4 Kg6 42.Rd6+ Re6 43.Rd7 Rb6
44.Kc3 f4 45.a4 a6 46.a5 Rb5 47.Rd6+ Kh5 48.Rf6 Kxh4 49.Rxf4+ Kxg5 50.Rxf7 h5
51.b4 h4 52.Rh7 Kg4 53.Rg7+ Kf3 54.Rh7 Kg3 55.Rg7+ Kh2 56.Rg4 h3 57.Kd3 Re5
58.Kd2 Re7 59.Kd3 Re1 60.Rg7 Rg1 61.Rxb7 Rg3+ 62.Kd4 Kg2 63.Rh7 h2 64.Rxh2+ Kxh2
65.Kc5 Rg6  0-1

[Event "Master Open"]
[Site "Singapore SIN"]
[Date "2004.12.11"]
[Round "1"]
[White "Satyapragyan,S"]
[Black "Negi,V"]
[Result "1/2-1/2"]
[WhiteElo "2370"]
[BlackElo "2175"]

1.e4 c5 2.Nc3 Nc6 3.Bb5 Nd4 4.Bc4 g6 5.Nf3 Bg7 6.Nxd4 cxd4 7.Qf3 Nh6 8.Ne2 O-O
9.d3 Ng4 10.Bb3 d6 11.Qg3 a5 12.a4 e5 13.h4 Qe7 14.h5 Be6 15.hxg6 hxg6 16.Bxe6 Qxe6
17.c4 f5 18.f3 Ne3 19.Bxe3 dxe3 20.exf5 gxf5 21.Nc3 Kf7 22.Ke2 Rh8 23.Qg5 f4
24.Nd1 Bf6 25.Qg4  1/2-1/2

[Event "Bykova Mem"]
[Site "Vladimir RUS"]
[Date "2004.12.11"]
[Round "5"]
[White "Dembo,Y"]
[Black "Shadrina,T"]
[Result "0-1"]
[WhiteElo "2396"]
[BlackElo "2401"]

1.e4 c5 2.Nc3 Nc6 3.Bb5 g6 4.Bxc6 bxc6 5.d3 Bg7 6.f4 d6 7.Nf3 c4 8.d4 d5
9.O-O Nf6 10.e5 Ne4 11.Nxe4 dxe4 12.Ng5 Qd5 13.Re1 Bf5 14.g4 h6 15.Nh3 Be6
16.Nf2 f5 17.c3 h5 18.gxf5 gxf5 19.Be3 Bh6 20.Nh3 Kd7 21.b3 Rab8 22.Qe2 a5
23.Rac1 h4 24.Rcd1 Kc7 25.Rc1 Rbg8+ 26.Ng5 Bxg5 27.fxg5 h3 28.bxc4 Qxc4 29.d5 Bxd5
30.Qf2 Rh5 31.e6 Rhxg5+ 32.Kh1 Kd6 33.Rb1 Kxe6 34.Rb7 Rg4 35.Qb2 Qd3  0-1

[Event "ch-Marshall CC"]
[Site "New York USA"]
[Date "2004.12.18"]
[Round "8"]
[White "Treger,E"]
[Black "Logunov,I"]
[Result "1-0"]
[WhiteElo "2233"]
[BlackElo "2205"]

1.e4 c5 2.Nf3 Nc6 3.Nc3 g6 4.h4 h5 5.Ng5 Bg7 6.Bc4 Ne5 7.d3 Nxc4 8.dxc4 Nf6
9.Nd5 d6 10.e5 Ng4 11.e6 Bxe6 12.Nxe6 fxe6 13.Nf4 Kd7 14.Nxg6 Bd4 15.O-O Rg8
16.Nf4 e5 17.Nh3 e4 18.Qe2 e3 19.Bxe3 Bxe3 20.fxe3 Rf8 21.Qd3 Ne5 22.Qe4 Qc7
23.Rad1 Rxf1+ 24.Rxf1 Qc6 25.Qf5+ Kc7 26.Nf4 b6 27.Nd5+ Kb7 28.Nxe7 Qc7 29.Qe4+ Nc6
30.Nxc6 Ka6 31.Nb4+ cxb4 32.Qxa8 Qe7 33.Qc8+ Ka5 34.Rf5+ Qe5 35.Rxe5+ dxe5
36.Qc6 a6 37.b3 b5 38.Qc7+  1-0

[Event "Master Open"]
[Site "Singapore SIN"]
[Date "2004.12.18"]
[Round "9"]
[White "Yu Shaoteng"]
[Black "Mahmud,S"]
[Result "1-0"]
[WhiteElo "2517"]
[BlackElo "2343"]

1.e4 c5 2.Nf3 Nc6 3.Nc3 g6 4.d4 cxd4 5.Nxd4 Bg7 6.Be3 Nf6 7.Bc4 O-O 8.Bb3 d6
9.f3 Na5 10.Qd2 a6 11.Bh6 Bd7 12.h4 Rc8 13.h5 e5 14.hxg6 Bxh6 15.Qxh6 Rxc3
16.bxc3 exd4 17.Bxf7+ Rxf7 18.gxf7+ Kxf7 19.Qf4 Qc7 20.Rxh7+ Kg8 21.Qxf6  1-0

[Event "Master Open"]
[Site "Singapore SIN"]
[Date "2004.12.18"]
[Round "9"]
[White "Goh Weiming"]
[Black "Visweswaran,K"]
[Result "1-0"]
[WhiteElo "2353"]
[BlackElo "2297"]

1.e4 c5 2.Nc3 Nc6 3.Bb5 g6 4.Nf3 Bg7 5.O-O Nd4 6.Bc4 Nh6 7.d3 O-O 8.Nxd4 cxd4
9.Ne2 Qb6 10.h3 Kh8 11.Ng3 d6 12.Bb3 Bd7 13.Bd2 Rac8 14.Qc1 Ng8 15.f4 f5
16.exf5 Bxf5 17.Nxf5 gxf5 18.Be6 Rc5 19.b4 Rc7 20.Qd1 Rf6 21.Re1 Qc6 22.Qe2 Nh6
23.Rac1 Rg6 24.Kh2 d5 25.g4 fxg4 26.hxg4 Qd6 27.b5 Ng8 28.Kh3 Nf6 29.g5 Ne4
30.Bf5  1-0

[Event "Amplico AIG Life"]
[Site "Warsaw POL"]
[Date "2004.12.18"]
[Round "7"]
[White "Tseshkovsky,V"]
[Black "Gajewski,G"]
[Result "0-1"]
[WhiteElo "2577"]
[BlackElo "2419"]

1.e4 c5 2.Nf3 Nc6 3.Nc3 Nf6 4.d4 cxd4 5.Nxd4 Qb6 6.Nb3 e6 7.Bd3 Be7 8.O-O O-O
9.Kh1 d6 10.f4 Qc7 11.Be3 a6 12.Na4 Nd7 13.c4 b6 14.Rc1 Bb7 15.Nc3 Nc5 16.Bb1 Bf6
17.e5 dxe5 18.Nxc5 bxc5 19.Ne4 Be7 20.Bxc5 Rad8 21.Qh5 f5 22.Ng5 Bxg5 23.Qxg5 Rf6
24.Rf2 Rg6 25.Qh5 exf4 26.Re1 Ne5 27.b4 f3 28.Qh3 Ng4 29.Qg3  0-1

[Event "Asian Juniors Girls"]
[Site "Bikaner IND"]
[Date "2004.12.22"]
[Round "1"]
[White "Anuprita,P"]
[Black "Siti,Z"]
[Result "0-1"]
[WhiteElo "2081"]
[BlackElo "2162"]

1.e4 c5 2.Nf3 Nc6 3.Nc3 g6 4.d4 cxd4 5.Nxd4 Bg7 6.Be3 Nf6 7.Be2 O-O 8.Nb3 d6
9.O-O Bd7 10.f4 Rc8 11.Kh1 a6 12.Bf3 b5 13.a3 Be6 14.Nd4 Nxd4 15.Bxd4 Qc7
16.Rf2 Rfd8 17.Rd2 Nd7 18.Bxg7 Kxg7 19.Bg4 Nb6 20.f5 Bd7 21.fxg6 hxg6 22.Bxd7 Qxd7
23.Rf2 Nc4 24.Nd5 Qa7 25.Qf3 Ne5 26.Qe3 Qxe3 27.Nxe3 e6 28.Rd1 Rc6 29.h3 Kf8
30.Rd4 Ke7 31.a4 Rdc8 32.axb5 axb5 33.Rfd2 Ra8 34.Kg1 Ra2 35.Rb4 Rc5 36.Rbd4 Rxb2
37.Rxd6 b4 38.Rb6 Rc7 39.Rd4 Rc3 40.Nd1 Rb1 41.Rbxb4 Rxb4 42.Rxb4 Rxc2 43.Nf2 Kf6
44.Rb5 Nc6 45.Ng4+ Kg7 46.e5 g5 47.Kh2 Kg6 48.Rb3 Re2 49.Rb5 Nd4 50.Ra5 Nf3+
51.Kg3 Nh4 52.Nf2 Nf5+ 53.Kf3 Re3+  0-1

[Event "Asian Juniors Girls"]
[Site "Bikaner IND"]
[Date "2004.12.25"]
[Round "5"]
[White "Priya,P"]
[Black "Anuprita,P"]
[Result "1/2-1/2"]
[WhiteElo "2131"]
[BlackElo "2081"]

1.e4 c5 2.Nc3 Nc6 3.Bb5 Nd4 4.Bc4 g6 5.Nf3 Bg7 6.Nxd4 cxd4 7.Qf3 Nh6 8.Ne2 O-O
9.d3 d6 10.Nxd4 Ng4 11.Nb5 Ne5 12.Qe3 Nxc4 13.dxc4 Be6 14.Na3 Qc7 15.O-O Bxc4
16.Nxc4 Qxc4 17.c3 a6 18.Bd2 b5 19.Kh1 Qc5 20.Qe2 Rfc8 21.f4 Qc4 22.Qe1 b4
23.e5 dxe5 24.fxe5 Rc5 25.Rf4 Qe6 26.Rxb4 Rxe5 27.Qg3 Re2 28.Bf4 Rd8 29.h3 h5
30.a4 Be5 31.Bxe5 Rxe5  1/2-1/2

[Event "Asian Juniors"]
[Site "Bikaner IND"]
[Date "2004.12.25"]
[Round "6"]
[White "Deepan,C"]
[Black "Gopal,G"]
[Result "1-0"]
[WhiteElo "2396"]
[BlackElo "2278"]

1.e4 c5 2.Nf3 Nc6 3.Nc3 e5 4.Bc4 d6 5.d3 Be7 6.O-O Nf6 7.Ng5 O-O 8.f4 Bg4
9.Nf3 exf4 10.Bxf4 Nd4 11.Kh1 Nxf3 12.gxf3 Be6 13.Rg1 Kh8 14.Qe2 a6 15.a4 Qd7
16.Qg2 Rg8 17.Rae1 Rae8 18.Bd2 d5 19.exd5 Nxd5 20.Re5 Nf6 21.Bxe6 fxe6 22.Qh3 Bd8
23.Ne4 Rgf8 24.Nxc5 Qd6 25.Bc3 Bb6 26.Ne4 Qe7 27.Rg2 Nxe4 28.Rxe4 e5 29.Rh4 g6
30.Rxg6 Bd4 31.Rxd4 Ra8  1-0

[Event "Harmonie"]
[Site "Groningen NED"]
[Date "2004.12.26"]
[Round "5"]
[White "Brandenburg,D"]
[Black "Van der Wiel,J"]
[Result "0-1"]
[WhiteElo "2340"]
[BlackElo "2493"]

1.e4 c5 2.Nf3 Nc6 3.Nc3 g6 4.d4 cxd4 5.Nxd4 Bg7 6.Nb3 Nf6 7.Be2 O-O 8.Bg5 d6
9.O-O Be6 10.Kh1 Na5 11.f4 Nc4 12.f5 Nxb2 13.Qc1 Bc4 14.e5 Bxe2 15.Nxe2 Ne4
16.f6 exf6 17.exf6 Nxg5 18.Qxg5 Re8 19.Nbd4 Re5 20.Qc1 Bxf6 21.Qf4 Kg7 22.Rab1 Nc4
23.Rxb7 Na5 24.Qxe5 Nxb7 25.Qf4 Rc8 26.Ng3 Rc7 27.Nb5 Rc5 28.Nxa7 Qe7 29.Qf3 Nd8
30.a4 Be5 31.Nb5 Rxc2 32.Qg4 Qe6 33.Nf5+ Qxf5 34.Qxf5 gxf5 35.g3 Ra2 36.Rxf5 Rxa4
37.Rf3 Ne6 38.Rd3 Nd4 39.Nc7 Ra1+ 40.Kg2 Ra2+  0-1

[Event "31st Eastern Open"]
[Site "Washington DC USA"]
[Date "2004.12.26"]
[Round "1"]
[White "Sevilla,C"]
[Black "Fernandez,D"]
[Result "0-1"]
[WhiteElo "2081"]
[BlackElo "2391"]

1.e4 c5 2.Nf3 Nc6 3.Nc3 g6 4.h4 h5 5.Bc4 Bg7 6.d3 d6 7.Be3 Bg4 8.Qd2 Bxf3
9.gxf3 Ne5 10.Bb5+ Kf8 11.Rh3 a6 12.Ba4 b5 13.Bb3 c4 14.dxc4 bxc4 15.Ba4 Rb8
16.b3 cxb3 17.cxb3 Qc8 18.Rg3 Nd3+  0-1

[Event "21st Open"]
[Site "Boeblinger GER"]
[Date "2004.12.27"]
[Round "3"]
[White "Xheladini,M"]
[Black "Strunski,A"]
[Result "1-0"]
[WhiteElo "2248"]
[BlackElo "1983"]

1.e4 c5 2.Nc3 Nc6 3.Nf3 e6 4.Bc4 g6 5.O-O Bg7 6.a4 Nge7 7.Ba2 O-O 8.d3 b6
9.Bf4 d5 10.Qc1 Bb7 11.Bh6 Qd7 12.Ne2 dxe4 13.dxe4 Nb4 14.Ng3 Qxa4 15.Qg5 Nxc2
16.Bxg7 Kxg7 17.Nh5+ Kg8 18.Bd5 Qb5 19.Qh6 Qxb2 20.Ng5 Qh8 21.Nf6+  1-0

[Event "Open A"]
[Site "Krakow POL"]
[Date "2004.12.27"]
[Round "1"]
[White "Moranda,W"]
[Black "Szromba,K"]
[Result "1-0"]
[WhiteElo "2458"]
[BlackElo "2190"]

1.e4 c5 2.Nc3 Nc6 3.Bb5 Nd4 4.Bc4 e6 5.Nf3 Nf6 6.O-O a6 7.Re1 b5 8.Bf1 Bb7
9.d3 Qc7 10.Nxd4 cxd4 11.Ne2 Bb4 12.Bd2 Bxd2 13.Qxd2 Qc5 14.c3 dxc3 15.Nxc3 Qd4
16.a4 b4 17.Ne2 Nxe4 18.Qf4 Qxd3 19.Ng3 Qd2 20.Rxe4 Qxb2 21.Ree1 a5 22.Qd6 Qf6
23.Bb5 Qe7 24.Nf5  1-0

[Event "20th Open"]
[Site "Nice FRA"]
[Date "2004.12.27"]
[Round "3"]
[White "Bujisho,B"]
[Black "Hamdouchi,H"]
[Result "0-1"]
[WhiteElo "2385"]
[BlackElo "2575"]

1.e4 c5 2.Nf3 Nc6 3.Nc3 Nf6 4.d4 cxd4 5.Nxd4 e5 6.Ndb5 d6 7.Nd5 Nxd5 8.exd5 Nb8
9.c4 Be7 10.Bd3 a6 11.Nc3 O-O 12.O-O Nd7 13.Kh1 f5 14.f3 Bg5 15.b4 b6 16.Qc2 Bxc1
17.Raxc1 Qg5 18.Na4 Bb7 19.Qf2 Qd8 20.Qc2 g6 21.Rfd1 Rc8 22.Qe2 Re8 23.c5 bxc5
24.bxc5 e4 25.fxe4 fxe4 26.Bxa6 Bxa6 27.Qxa6 dxc5 28.d6 e3 29.Nc3 Kg7 30.Nd5 Qg5
31.Ne7 Rcd8 32.Qb7 e2 33.Re1 Qd2 34.Qa6 Nf6 35.Qxe2 Qxe2 36.Rxe2 Rxd6 37.Rce1 Kf7
38.h3 h5 39.a4 c4 40.a5 c3  0-1

[Event "31st Eastern Open"]
[Site "Washington DC USA"]
[Date "2004.12.27"]
[Round "3"]
[White "Schneider,Ig"]
[Black "Rosario,S"]
[Result "1/2-1/2"]
[WhiteElo "2315"]
[BlackElo "2156"]

1.e4 c5 2.Nc3 Nc6 3.Nf3 d6 4.d4 cxd4 5.Nxd4 e6 6.Bc4 Be7 7.Be3 Nf6 8.g4 O-O
9.g5 Nxe4 10.Nxe4 d5 11.Nf6+ Bxf6 12.gxf6 dxc4 13.fxg7 Re8 14.Rg1 Nxd4 15.Qxd4 Qxd4
16.Bxd4 e5 17.Bc5 Bf5 18.O-O-O Rac8 19.Bf8 Rc6 20.Rg5 Bg6 21.Rd7 Rf6 22.Bc5 b6
23.Be3 a6 24.Rb7 b5 25.a4 bxa4 26.Rc7 Rd6 27.Rxc4 Red8 28.Rg1 Kxg7 29.Rxa4  1/2-1/2

[Event "GM"]
[Site "Augsburg GER"]
[Date "2004.12.28"]
[Round "2"]
[White "Rogers,I"]
[Black "Reiss,T"]
[Result "1/2-1/2"]
[WhiteElo "2593"]
[BlackElo "2430"]

1.e4 c5 2.Nc3 Nc6 3.Bb5 Nd4 4.Bc4 g6 5.Nf3 Bg7 6.Nxd4 cxd4 7.Qf3 Nh6 8.Ne2 O-O
9.c3 dxc3 10.bxc3 d6 11.h3 Be6 12.Bxe6 fxe6 13.Qg3 e5 14.O-O Kh8 15.d4 Ng8
16.f4 Qd7 17.Qd3 Rad8 18.Be3 exd4 19.cxd4 d5 20.e5 Rc8 21.Rfc1 e6 22.Bd2 Ne7
23.Bb4 Rxc1+ 24.Rxc1 Rc8 25.Bxe7 Rxc1+ 26.Nxc1 Qxe7 27.Qc3 Qd7 28.Qa3 b6
29.Nd3 Kg8 30.Kf2 Kf7 31.Ke3 Bf8 32.Qa6 Be7 33.a4 Qc7 34.g4 h5 35.Kd2 hxg4
36.hxg4 Qd7 37.Qb5 Qb7 38.a5 Qc7 39.a6 Qc4 40.Qxc4 dxc4 41.Nf2 Bb4+ 42.Kc2 Ke7
43.Nd1 Be1 44.Ne3 b5 45.f5 Bf2 46.f6+ Kf7 47.Kd2 c3+ 48.Kd3 b4 49.Nc4 Bxd4
50.Kc2 g5 51.Kb3 Ke8 52.Kc2 Kd7 53.Kb3 Bc5 54.Na5 Bb6 55.Nc4 Bd4 56.Kc2 Bc5
57.Na5 Bf8 58.Kd3 Bc5 59.Kc2 Bd4 60.Nc4 Bc5  1/2-1/2

[Event "Open A"]
[Site "Krakow POL"]
[Date "2004.12.28"]
[Round "2"]
[White "Tazbir,M"]
[Black "Baryshpolets,A"]
[Result "1/2-1/2"]
[WhiteElo "2340"]
[BlackElo "2120"]

1.e4 c5 2.Nc3 Nc6 3.Bb5 g6 4.Bxc6 dxc6 5.d3 Bg7 6.Qe2 Nf6 7.f4 O-O 8.Nf3 Bg4
9.h3 Bxf3 10.Qxf3 Ne8 11.O-O Nc7 12.Be3 Nb5 13.Nxb5 cxb5 14.e5 b6 15.Qe4 e6
16.Rad1 Qc7 17.d4 cxd4 18.Rxd4 Rfd8 19.Rfd1 Bf8 20.Kf2 Bc5 21.Rxd8+ Rxd8
22.Rxd8+ Qxd8 23.Qd3 Qc7 24.c3  1/2-1/2

[Event "Open A"]
[Site "Krakow POL"]
[Date "2004.12.28"]
[Round "2"]
[White "Czarnota,P"]
[Black "Brodowski,P"]
[Result "1-0"]
[WhiteElo "2416"]
[BlackElo "2275"]

1.e4 c5 2.Nf3 Nc6 3.Nc3 Nf6 4.Bb5 Qc7 5.Nd5 Nxd5 6.exd5 Nd4 7.Nxd4 cxd4 8.O-O g6
9.Re1 Bg7 10.Qe2 Bf6 11.c4 O-O 12.d3 d6 13.Bh6 Rd8 14.Qf3 a6 15.Ba4 b5 16.cxb5 Qa5
17.Bb3 axb5 18.Re4 Bf5 19.Re2 Rac8 20.Rae1 Re8 21.g4 Bd7 22.Kg2 Qd8 23.Qg3 Rc7
24.Re4 Qc8 25.h3 Qa8 26.Kg1 Rc5 27.Qf3 Qd8 28.Rf4 Qa5 29.Re2 Qd8 30.g5 Bh8
31.Rxf7 Bf5 32.Rxf5 gxf5 33.Re6 Rf8 34.Qh5 Rf7 35.g6 hxg6 36.Rxg6+ Bg7 37.Kh2 Qf8
38.Bxg7 Rxg7 39.Rh6  1-0

[Event "Open A"]
[Site "Krakow POL"]
[Date "2004.12.28"]
[Round "2"]
[White "Szoen,D"]
[Black "Sygulski,B"]
[Result "1-0"]
[WhiteElo "2441"]
[BlackElo "2282"]

1.e4 c5 2.Nc3 Nc6 3.Nf3 e5 4.Bc4 Be7 5.d3 d6 6.O-O Nf6 7.Ng5 O-O 8.f4 Na5
9.f5 Nxc4 10.dxc4 Bd7 11.Nh3 Bc6 12.Qe2 a6 13.g4 h6 14.g5 hxg5 15.Bxg5 Nh7
16.Bxe7 Qxe7 17.Rf3 Qh4 18.Rg3 b5 19.Kh1 b4 20.Nd5 Bxd5 21.cxd5 Kh8 22.Rag1 f6
23.Qg2 Rg8 24.Rg4 Qh6 25.Qg3 Qd2 26.Rh4  1-0

[Event "Open"]
[Site "Pamplona ESP"]
[Date "2004.12.28"]
[Round "8"]
[White "Garbisu de Goni,U"]
[Black "Llaneza Vega,P"]
[Result "1-0"]
[WhiteElo "2460"]
[BlackElo "2181"]

1.e4 c5 2.Nf3 Nc6 3.Nc3 Nf6 4.e5 Ng4 5.Qe2 Qc7 6.Nd5 Qb8 7.d4 cxd4 8.Bf4 e6
9.h3 exd5 10.hxg4 Bb4+ 11.Kd1 Qc7 12.Ng5 Qb6 13.Nxh7 Kd8 14.Rh3 d3 15.Qxd3 Be7
16.Kc1 Qxf2 17.Bg3 Qg1 18.c3 b6 19.Kc2 Qc5 20.Qd2 Nb4+ 21.Kb3 Nc6 22.Re1 d4
23.Kc2 Qa5 24.Kb1 Re8 25.Bc4 Ba6 26.Bxf7 Rh8 27.Rd1 Rc8 28.Bb3 d3 29.Ng5 Rxh3
30.gxh3 Nxe5 31.Bxe5  1-0

[Event "34th Rilton Cup"]
[Site "Stockholm SWE"]
[Date "2004.12.28"]
[Round "2"]
[White "Wikstrom,H"]
[Black "Jiretorn,E"]
[Result "1-0"]
[WhiteElo "2048"]
[BlackElo "2145"]

1.e4 c5 2.Nf3 Nc6 3.Nc3 g6 4.d4 cxd4 5.Nxd4 Bg7 6.Be3 Nf6 7.Be2 O-O 8.O-O d5
9.exd5 Nb4 10.Qd2 Nbxd5 11.Nxd5 Nxd5 12.Bh6 Bxh6 13.Qxh6 Qb6 14.Nb3 Nb4 15.Bd1 Bf5
16.c3 Nc6 17.Re1 a5 18.Qe3 Qxe3 19.Rxe3 a4 20.Nc5 a3 21.b4 b6 22.Bf3 Rac8
23.Na4 b5 24.Nc5 Rfd8 25.g4 Bd7 26.Rd1 Be8 27.Rxd8 Rxd8 28.Rd3 Rxd3 29.Nxd3 e6
30.Ne1 Ne5 31.Be2 Bc6 32.Nc2 Bd5 33.Nxa3 Bxa2 34.Nxb5 Bc4 35.Bxc4 Nxc4 36.Kf1 Kf8
37.Ke2 Ke7 38.f4 Kd7 39.Kd3 Nb2+ 40.Kd4 f5 41.g5 Nd1 42.c4 Nf2 43.Nc3 Ng4
44.h4 Nh2 45.Kc5 Nf3 46.Kb6 e5 47.Kb7 exf4 48.c5 Ne5 49.b5 Nc4 50.c6+ Ke6
51.c7 Nd6+ 52.Kc6 f3 53.Nd1 Nc8 54.b6 Ne7+ 55.Kb7 Kd7 56.Nf2 Nc8 57.Nd3 Nd6+
58.Kb8 f4 59.b7  1-0

[Event "BC Masters"]
[Site "Bois Colombes FRA"]
[Date "2004.12.29"]
[Round "9"]
[White "Shchekachev,A"]
[Black "Todorov,T"]
[Result "1/2-1/2"]
[WhiteElo "2546"]
[BlackElo "2509"]

1.e4 c5 2.Nf3 Nc6 3.Nc3 e5 4.Bc4 d6 5.d3 Be7 6.O-O Nf6 7.Ng5 O-O 8.f4 exf4
9.Bxf4 h6 10.Nf3 Be6 11.Qd2 d5 12.exd5 Nxd5 13.Bxd5 Bxd5 14.Rae1 f5 15.Nxd5  1/2-1/2

[Event "Open A"]
[Site "Krakow POL"]
[Date "2004.12.29"]
[Round "3"]
[White "Di Paolo,R"]
[Black "Szromba,K"]
[Result "1-0"]
[WhiteElo "2323"]
[BlackElo "2190"]

1.e4 c5 2.Nf3 Nc6 3.Nc3 Nf6 4.Bb5 Nd4 5.e5 Nxb5 6.Nxb5 Nd5 7.O-O a6 8.c4 Nc7
9.Nxc7+ Qxc7 10.d4 cxd4 11.Qxd4 e6 12.Be3 d6 13.exd6 Qxd6 14.Qe4 Be7 15.Rad1 Qc6
16.Qxc6+ bxc6 17.Ne5 Bb7 18.Rd7 Bf6 19.Rxb7 Bxe5 20.Bc5 O-O-O 21.Rxf7 Rd7
22.Rxd7 Kxd7 23.Rd1+ Kc7 24.g3 Bxb2 25.Bd6+ Kc8 26.Rb1 Rd8 27.c5 Bc3 28.Rb3 Bd4
29.Rb8+ Kd7 30.Rb7+ Ke8 31.Re7+ Kf8 32.Rc7+ Ke8 33.Rxc6 a5 34.Ra6 Bc3 35.Ra7 Rd7
36.Ra8+ Rd8 37.Rxd8+ Kxd8 38.c6 a4 39.Kf1  1-0

[Event "34th Rilton Cup"]
[Site "Stockholm SWE"]
[Date "2004.12.29"]
[Round "3"]
[White "Carlsson,P"]
[Black "Jansson,A"]
[Result "1-0"]
[WhiteElo "2360"]
[BlackElo "2128"]

1.e4 c5 2.Nf3 Nc6 3.Nc3 e6 4.Bb5 Nd4 5.Bc4 Nf6 6.O-O a6 7.a4 Nxe4 8.Nxe4 d5
9.d3 dxc4 10.dxc4 Be7 11.Be3 Nxf3+ 12.Qxf3 Qc7 13.Qg3 Qxg3 14.hxg3 b6 15.a5 f5
16.Nc3 Rb8 17.axb6 Rxb6 18.b3 Bf6 19.Na4 Rc6 20.Ra2 Be7 21.Nb2 e5 22.Ra5 g5
23.Nd3 e4 24.Nxc5 O-O 25.Na4 f4 26.Bd4 Rh6 27.Nb6 Bd8 28.Nxc8 Bxa5 29.Ne7+ Kf7
30.Nd5 Ke6 31.Ra1 Kf5 32.Rxa5 Kg4 33.gxf4 gxf4 34.Nf6+ Rhxf6 35.Bxf6 Rxf6
36.Re5 h5 37.Rxe4 h4 38.Re5 h3 39.f3+ Kh4 40.Re8 hxg2 41.Kxg2 Rd6 42.Rh8+ Kg5
43.Rg8+ Kf5 44.Rf8+ Kg5 45.Rg8+ Kf5 46.Rc8 Rd2+ 47.Kh3 Rxc2 48.Rc5+ Ke6 49.Rc6+ Ke5
50.Rxa6 Rc3 51.Ra5+ Kd4 52.Rd5+ Ke3 53.Kg4 Rxb3 54.Re5+ Kd4 55.Re4+ Kc5 56.Kxf4 Rb7
57.Ke5 Kc6 58.Kf6  1-0

[Event "Open A"]
[Site "Bethune FRA"]
[Date "2004.12.30"]
[Round "7"]
[White "Gouliev,N"]
[Black "Bojkov,D"]
[Result "1-0"]
[WhiteElo "2509"]
[BlackElo "2475"]

1.e4 c5 2.Nf3 Nc6 3.Nc3 Nf6 4.d4 d5 5.exd5 Nxd5 6.Nxd5 Qxd5 7.dxc5 Qxd1+
8.Kxd1 Bg4 9.Be3 O-O-O+ 10.Bd3 e5 11.h3 Bf5 12.g4 Bg6 13.Nd2 Bxd3 14.cxd3 Nb4
15.Ne4 Be7 16.a3 Nxd3 17.Kc2 Rd5 18.Rhd1 Rhd8 19.b4 Kc7 20.Nc3 R5d7 21.Rd2 Nf4
22.Nb5+ Kb8 23.Bxf4 exf4 24.Rad1 Rxd2+ 25.Rxd2 Rxd2+ 26.Kxd2 a5 27.Nd4 axb4
28.axb4 f3 29.Kd3 Bh4 30.Nxf3 Bxf2 31.Ng5 f6 32.Nxh7 Kc7 33.Nf8 Kc6 34.Kc4 b5+
35.cxb6 Bxb6 36.Ne6 g5 37.Nc5 Kd6 38.Kd4 Kc6 39.Ke4 Kb5 40.Kf5 Kxb4 41.Nd7  1-0

[Event "Harmonie"]
[Site "Groningen NED"]
[Date "2004.12.30"]
[Round "9"]
[White "Nijboer,F"]
[Black "Kuzubov,Y"]
[Result "1/2-1/2"]
[WhiteElo "2567"]
[BlackElo "2530"]

1.e4 c5 2.Nf3 Nc6 3.Nc3 e5 4.Bc4 d6 5.d3 Be7 6.O-O Nf6 7.Ng5 O-O 8.f4 Bg4
9.Qe1 h6 10.Nf3 Bxf3 11.gxf3 Nh5 12.Nd5 Bh4 13.Qd1 Kh7 14.f5 Bg5 15.Rf2 g6
16.Bxg5 Qxg5+ 17.Rg2 Qd8 18.c3 gxf5 19.f4 Nxf4 20.Nxf4 exf4 21.Qh5 Qf6 22.Qxf5+ Qxf5
23.exf5 Rae8  1/2-1/2

[Event "13th Donau Open"]
[Site "Aschach AUT"]
[Date "2004.12.31"]
[Round "7"]
[White "Loidl,F"]
[Black "Serdt,S"]
[Result "1-0"]
[WhiteElo "2102"]
[BlackElo "2239"]

1.e4 c5 2.Nc3 Nc6 3.Nge2 g6 4.g3 Bg7 5.Bg2 e6 6.d3 Nge7 7.Be3 Nd4 8.Qd2 O-O
9.Nd1 Nxe2 10.Qxe2 d6 11.O-O Bd7 12.c3 Bc6 13.f4 Qd7 14.g4 f5 15.gxf5 gxf5
16.Nf2 Rf6 17.Kh1 Rh6 18.Rg1 Kh8 19.Rad1 Rg8 20.d4 cxd4 21.cxd4 fxe4 22.Nxe4 Nf5
23.Bf2 Bf6 24.Nxf6 Bxg2+ 25.Rxg2 Rxg2 26.Kxg2 Rxf6 27.d5 a6 28.dxe6 Rxe6
29.Qc4 Rg6+ 30.Kf3 b5 31.Qd5 Nh4+ 32.Bxh4 Qg4+ 33.Ke3 Re6+ 34.Kd2 Qxf4+ 35.Kc3 Re3+
36.Rd3 Rxd3+ 37.Qxd3 b4+ 38.Kb3 Qxh4 39.Qxd6 a5 40.Qf8+  1-0